Návrh zlepšení výrobného procesu mobilného skenera Yellowstone vo firme DATALOGIC SLOVAKIA s.r.o.

Na minha lista:
Detalhes bibliográficos
Autor principal: Václavík, Vladimír (Author)
Outros Autores: Delgado Sobrino, Daynier Rolando (Thesis advisor)
Formato: Manuscrito Livro
Idioma:eslovaco
Publicado em: 2022
Assuntos:
Acesso em linha:http://is.stuba.sk/zp/portal_zp.pl?podrobnosti=170018
Tags: Adicionar Tag
Sem tags, seja o primeiro a adicionar uma tag!

MARC

LEADER 00000ntm a22000003a 4500
001 stuzp88963
003 SK-STU
005 20220611211609.4
007 ta
008 150427s2015----xo-----f-mn---000-0-slo-d
040 |a STU  |b slo 
041 0 |a slo 
100 1 |a Václavík, Vladimír  |u 063000  |k Z4  |4 aut  |U MTF Materiálovotechnologická fakulta  |T MTF Ústav výrobných technológií  |X 56561  |U M3000  |Y 83  |7 56561 
242 0 1 |a Improvement proposals for the production process of the Yellowstone scanner in the company DATALOGIC SLOVAKIA s.r.o.  |y eng 
245 1 0 |a Návrh zlepšení výrobného procesu mobilného skenera Yellowstone vo firme DATALOGIC SLOVAKIA s.r.o. 
260 |c 2022 
650 4 |a Tecnomatix Plant Simulation  |2 slo 
650 4 |a montážna linka  |2 slo 
650 4 |a mobilný skener Yellowstone  |2 slo 
650 4 |a simulácia  |2 slo 
650 4 |a časová analýza  |2 slo 
650 4 |a assembly line  |2 eng 
650 4 |a mobile scanner Yellowstone  |2 eng 
650 4 |a Tecnomatix Plant Simulation  |2 eng 
650 4 |a simulation  |2 eng 
650 4 |a time analysis  |2 eng 
700 1 |a Delgado Sobrino, Daynier Rolando  |u 063800  |k Z1  |4 ths  |U MTF Ústav výrobných technológií  |T MTF Katedra výrobných zariadení a systémov  |X 45485  |U M3800  |Y 660  |7 A000045485 
856 4 |u http://is.stuba.sk/zp/portal_zp.pl?podrobnosti=170018 
996 |c M* DP-15057  |l MMSKP  |s P  |a 0  |w stuzp88963_0001